[Event "Hastings Masters 2016/17"]
[Site "Hastings, England"]
[Date "2017.01.04"]
[Round "8.32"]
[White "Norinkeviciute, Rasa"]
[Black "Byron, Alan M"]
[Result "1/2-1/2"]
[WhiteElo "1994"]
[BlackElo "2131"]
[PlyCount "0"]
[EventDate "2016.12.28"]

1. c4 {[%clk 1:40:57]} e5 {[%clk 1:36:24]} 2. g3 {[%clk 1:41:10]} d6
{[%clk 1:36:42]} 3. Bg2 {[%clk 1:41:13]} f5 {[%clk 1:37:05]} 4. d4
{[%clk 1:39:34]} Be7 {[%clk 1:37:02]} 5. e3 {[%clk 1:36:18]} Nf6 {[%clk 1:33:23]}
6. Nc3 {[%clk 1:31:21]} e4 {[%clk 1:29:11]} 7. f3 {[%clk 1:27:59]} exf3
{[%clk 1:27:24]} 8. Nxf3 {[%clk 1:25:43]} c6 {[%clk 1:27:44]} 9. Qb3
{[%clk 1:20:37]} O-O {[%clk 1:27:03]} 10. O-O {[%clk 1:19:12]} Qb6
{[%clk 1:23:31]} 11. Bd2 {[%clk 1:07:09]} Na6 {[%clk 1:15:15]} 12. Ne1
{[%clk 0:56:47]} Qxb3 {[%clk 1:05:49]} 13. axb3 {[%clk 0:57:07]} g6
{[%clk 1:02:46]} 14. Nd3 {[%clk 0:55:17]} Nc7 {[%clk 0:59:13]} 15. Nf4
{[%clk 0:39:40]} Kg7 {[%clk 0:47:59]} 16. e4 {[%clk 0:30:24]} fxe4
{[%clk 0:45:47]} 17. Nxe4 {[%clk 0:30:48]} Nxe4 {[%clk 0:45:46]} 18. Bxe4
{[%clk 0:31:12]} Bf6 {[%clk 0:46:05]} 19. Bc3 {[%clk 0:30:20]} Bd7
{[%clk 0:45:39]} 20. Kg2 {[%clk 0:20:40]} 1/2-1/2

[Event "Hastings Masters 2016/17"]
[Site "Horntye Park Sports Complex, B"]
[Date "2017.01.04"]
[Round "8.33"]
[White "Trevelyan, John"]
[Black "Boardman, Jeffrey"]
[Result "0-1"]
[WhiteElo "2082"]
[BlackElo "1984"]
[PlyCount "73"]
[EventDate "2016.12.28"]

1. Nf3 d5 2. g3 Nf6 3. Bg2 g6 4. O-O Bg7 5. d3 O-O 6. Nbd2 c6 7. c3 Qc7 8. e4
Bg4 9. h3 dxe4 10. dxe4 Bxf3 11. Qxf3 e5 12. Nb3 Nbd7 13. Rd1 b6 14. h4 c5 15.
Bg5 h6 16. Bxf6 Nxf6 17. Qe2 h5 18. Qc4 Rfd8 19. Bh3 Rxd1+ 20. Rxd1 Rd8 21.
Rxd8+ Qxd8 22. Qe2 Bh6 23. Bf1 Qd6 24. f3 Kf8 25. Qc2 c4 26. Bxc4 a5 27. Bd3
Nd7 28. Na1 Nc5 29. Be2 Qe6 30. Bf1 Qxa2 31. b4 Qxa1 32. bxc5 Be3+ 33. Kg2 Bxc5
34. f4 exf4 35. gxf4 Qe1 36. f5 Qxh4 37. Qd3 0-1

[Event "Hastings Masters 2016/17"]
[Site "Horntye Park Sports Complex, B"]
[Date "2017.01.04"]
[Round "8.34"]
[White "Miller, Dominic"]
[Black "Sugden, John N"]
[Result "1/2-1/2"]
[WhiteElo "1954"]
[BlackElo "2071"]
[PlyCount "107"]
[EventDate "2016.12.28"]

1. e4 c6 2. d4 d5 3. Nd2 dxe4 4. Nxe4 Bf5 5. Ng3 Bg6 6. h4 h6 7. Nf3 Nd7 8. h5
Bh7 9. Bd3 Bxd3 10. Qxd3 Qc7 11. Bd2 e6 12. Ne4 Ngf6 13. O-O-O O-O-O 14. Kb1 c5
15. g3 c4 16. Qe2 Nxe4 17. Qxe4 Nf6 18. Qe2 Bd6 19. Ne5 Bxe5 20. dxe5 Nd5 21.
Rh4 b5 22. Re4 Kb7 23. f4 Rc8 24. c3 a5 25. a3 Qc6 26. g4 Rc7 27. Rc1 Rd8 28.
f5 Rcd7 29. Rd4 exf5 30. gxf5 Ne7 31. Rf1 Rxd4 32. cxd4 Rxd4 33. f6 gxf6 34.
Rxf6 Qd5 35. Rd6 Qh1+ 36. Ka2 Rxd6 37. exd6 Nc6 38. Qe8 Qd5 39. Qd7+ Ka8 40.
Qe8+ Nb8 41. Bc3 Kb7 42. Qe7+ Ka8 43. Qc7 b4 44. axb4 axb4 45. Bxb4 c3+ 46. Ka3
cxb2 47. Kxb2 Qxh5 48. Bc5 Qe2+ 49. Kc3 Qa2 50. Kd4 Qa4+ 51. Ke5 Nd7+ 52. Kd5
Nf6+ 53. Ke5 Nd7+ 54. Kd5 1/2-1/2

[Event "Hastings Masters 2016/17"]
[Site "Horntye Park Sports Complex, B"]
[Date "2017.01.04"]
[Round "8.35"]
[White "Raddatz, Michael"]
[Black "Spice, Alan P"]
[Result "0-1"]
[WhiteElo "2028"]
[BlackElo "2081"]
[PlyCount "132"]
[EventDate "2016.12.28"]

1. Nf3 d5 2. d4 c6 3. Nbd2 Nf6 4. c3 g6 5. Ne5 Bg7 6. Ndf3 Nbd7 7. Bf4 Nh5 8.
Be3 O-O 9. Qd2 Ndf6 10. Bh6 Ne4 11. Qc1 Re8 12. g4 Nhf6 13. Bxg7 Kxg7 14. Qf4
Be6 15. g5 Nh5 16. Qe3 f6 17. Nd3 Qd6 18. O-O-O Rad8 19. Nc5 Nxc5 20. dxc5 Qf4
21. Qxf4 Nxf4 22. Nd4 Bc8 23. e3 Nh3 24. Bxh3 Bxh3 25. Rhg1 e5 26. Nf3 h5 27.
gxh6+ Kxh6 28. Rg3 Be6 29. Rdg1 Rg8 30. Nh4 g5 31. Nf3 g4 32. Ne1 f5 33. Nd3 d4
34. cxd4 exd4 35. Nf4 Bc8 36. h3 dxe3 37. fxe3 Kg5 38. hxg4 fxg4 39. Kc2 Rh8
40. Kc3 Rh6 41. Nd3 Rh4 42. b4 Kh5 43. Ne5 Rh3 44. Rxh3+ gxh3 45. Rg7 Kh6 46.
Rg1 Rf8 47. Nd3 Be6 48. Nf4 Rxf4 49. exf4 Bd5 50. Rg3 Be6 51. Re3 Bg4 52. Re8
Kg7 53. Re7+ Kg6 54. Re8 Kf5 55. Re7 Bh5 56. Re5+ Kg4 57. Rg5+ Kh4 58. Rg1 Bf3
59. Kd4 h2 60. Re1 Kg4 61. Ke5 h1=Q 62. Rxh1 Bxh1 63. a4 Bd5 64. b5 Bc4 65.
bxc6 bxc6 66. Kd6 Bd5 0-1

[Event "Hastings Masters 2016/17"]
[Site "Horntye Park Sports Complex, B"]
[Date "2017.01.04"]
[Round "8.36"]
[White "Batchelor, Paul A"]
[Black "Willson, Ollie"]
[Result "0-1"]
[WhiteElo "1965"]
[BlackElo "2060"]
[PlyCount "158"]
[EventDate "2016.12.28"]

1. d4 Nf6 2. Bg5 c5 3. Bxf6 gxf6 4. d5 Qb6 5. Qc1 f5 6. e3 Bg7 7. c3 d6 8. Nd2
Nd7 9. Nc4 Qc7 10. a4 e5 11. dxe6 fxe6 12. Qd1 d5 13. Qh5+ Kf8 14. Na3 Nf6 15.
Qh4 a6 16. Bd3 Bd7 17. Ne2 Qc6 18. O-O Ng4 19. h3 Bf6 20. Qg3 Ne5 21. Bc2 Ke7
22. f4 Ng6 23. Qf2 h5 24. Kh2 Rag8 25. Rg1 h4 26. Nb1 Qc7 27. Kh1 Bc6 28. Nd2
Kf8 29. Nf3 Qe7 30. Bd3 Rg7 31. Bc2 Rgg8 32. Bd3 Qg7 33. Bc2 Ne7 34. Rad1 Nc8
35. Ra1 Nd6 36. Bd3 Ke7 37. Bc2 Nc4 38. b3 Nd6 39. Rac1 Ne4 40. Bxe4 fxe4 41.
Nh2 Rd8 42. Ng4 Qg6 43. Nxf6 Qxf6 44. Rcf1 Qf5 45. Qe1 Rdg8 46. Kh2 Rg7 47. Qa1
Rhg8 48. Qa3 Kd6 49. c4 Rg3 50. b4 cxb4 51. Qxb4+ Kd7 52. cxd5 Bxd5 53. Qd4
R3g6 54. Rc1 Qf8 55. Qc3 Qd6 56. Kh1 Rd8 57. a5 Ke7 58. Rgf1 Rf6 59. Rc2 Kf7
60. Rfc1 Kg6 61. Qe1 Rh8 62. Qg1 Bc6 63. Nd4 Bd7 64. Qh2 Kf7 65. Rc7 Rb8 66.
R7c5 Rh8 67. Qg1 Ke7 68. Qe1 Rg6 69. Qc3 Rhg8 70. Rc2 Rf8 71. Qb3 Rb8 72. Rc7
Qd5 73. Nc6+ bxc6 74. Qc3 Qd6 75. Ra7 Qb4 76. Qxb4+ Rxb4 77. Rxc6 Rb1+ 78. Kh2
Rb2 79. Rcc7 Rbxg2+ 0-1

[Event "Hastings Masters 2016/17"]
[Site "Horntye Park Sports Complex, B"]
[Date "2017.01.04"]
[Round "8.37"]
[White "Pickersgill, Adrian O"]
[Black "Dilleigh, Stephen P"]
[Result "1/2-1/2"]
[WhiteElo "1985"]
[BlackElo "2038"]
[PlyCount "36"]
[EventDate "2016.12.28"]

1. e4 e6 2. d4 d5 3. Nc3 Nf6 4. Bg5 Bb4 5. e5 h6 6. Bd2 Bxc3 7. Bxc3 Ne4 8. Ne2
O-O 9. f3 Nxc3 10. Nxc3 c5 11. dxc5 Qc7 12. Qe2 Qxc5 13. O-O-O b5 14. Qd3 b4
15. Ne2 Ba6 16. Qd4 Nd7 17. Qxc5 Nxc5 18. Nd4 Rac8 1/2-1/2

[Event "Hastings Masters 2016/17"]
[Site "Horntye Park Sports Complex, B"]
[Date "2017.01.04"]
[Round "8.38"]
[White "Warnke, Klaus"]
[Black "Ruane, Brendan J"]
[Result "0-1"]
[WhiteElo "1695"]
[BlackElo "1867"]
[PlyCount "122"]
[EventDate "2016.12.28"]

1. c4 b6 2. Nf3 Nf6 3. g3 Bb7 4. Bg2 c5 5. d3 e6 6. Nc3 Be7 7. O-O O-O 8. a3 a6
9. Qc2 d6 10. Ne4 Nbd7 11. Bf4 Qc7 12. Rfd1 Rfd8 13. Rab1 Nf8 14. Bg5 N8d7 15.
b3 Re8 16. Nc3 Rac8 17. e4 Ba8 18. h3 Qb8 19. Be3 Bf8 20. Ne1 b5 21. f4 h6 22.
Nf3 g6 23. Ne2 Bg7 24. Nh4 Qc7 25. Qd2 Kh7 26. g4 Rcd8 27. Rf1 Ng8 28. f5 exf5
29. gxf5 g5 30. Nf3 Ne5 31. Ng3 Nxf3+ 32. Rxf3 Nf6 33. Rd1 Bc6 34. Rff1 Re7 35.
Qf2 Qa5 36. Qa2 Rb8 37. Bf2 Qc7 38. Qc2 bxc4 39. bxc4 a5 40. Rfe1 a4 41. Rb1
Rb7 42. Rxb7 Qxb7 43. Qb1 Qc8 44. Qc2 Qa8 45. Rb1 Rb7 46. Nf1 Qb8 47. Nd2 Nh5
48. Bf1 Be5 49. Rxb7 Qxb7 50. Qb1 Bb2 51. Qa2 Nf4 52. Bg3 Be5 53. Kh2 h5 54.
Nf3 h4 55. Bxf4 Bxf4+ 56. Kg2 f6 57. Be2 Qb3 58. Qa1 Kg7 59. Kf2 Bg3+ 60. Kf1
Bxe4 61. dxe4 Qe3 0-1

[Event "Hastings Masters 2016/17"]
[Site "Horntye Park Sports Complex, B"]
[Date "2017.01.04"]
[Round "8.39"]
[White "Dennis, Nigel W"]
[Black "Wilson, Matthew R"]
[Result "0-1"]
[WhiteElo "1818"]
[BlackElo "1791"]
[PlyCount "60"]
[EventDate "2016.12.28"]

1. e4 c5 2. Nf3 e6 3. d4 cxd4 4. Nxd4 a6 5. c4 Qc7 6. Nc3 Nf6 7. a3 Be7 8. Be2
b6 9. O-O Bb7 10. Qd3 O-O 11. Be3 d6 12. b4 Nbd7 13. f4 Rfe8 14. Rac1 Rac8 15.
Bd2 Qb8 16. Bf3 Bf8 17. Rfe1 g6 18. g4 e5 19. Nc2 exf4 20. Bxf4 Ne5 21. Bxe5
Rxe5 22. Ne3 Rce8 23. Ned5 Qd8 24. Nxf6+ Qxf6 25. Rf1 Qg5 26. Nd5 h5 27. h3 Qh4
28. Kg2 Bh6 29. Bd1 Bxd5 30. cxd5 Bxc1 0-1

[Event "Hastings Masters 2016/17"]
[Site "Horntye Park Sports Complex, B"]
[Date "2017.01.04"]
[Round "8.40"]
[White "Reher, Wolfgang"]
[Black "Macrae, James S"]
[Result "1-0"]
[WhiteElo "1832"]
[BlackElo "1642"]
[PlyCount "47"]
[EventDate "2016.12.28"]

1. f4 Nf6 2. Nf3 g6 3. b3 Bg7 4. Bb2 d6 5. g3 b6 6. Bg2 Bb7 7. O-O O-O 8. c4
Nbd7 9. d3 Re8 10. e4 e5 11. Nc3 exf4 12. gxf4 Nc5 13. Qd2 Qe7 14. Rae1 Nh5 15.
f5 gxf5 16. Bh3 Qd8 17. Bxf5 Nf6 18. Kh1 Bc8 19. Bxc8 Rxc8 20. Rg1 Ne6 21. Nd5
Kh8 22. Rxg7 Nxg7 23. Bxf6 Qd7 24. Rg1 1-0

[Event "Hastings Masters 2016/17"]
[Site "Horntye Park Sports Complex, B"]
[Date "2017.01.04"]
[Round "8.42"]
[White "Kearsley, Raymond J"]
[Black "Gunn, Michael J"]
[Result "1-0"]
[WhiteElo "1718"]
[BlackElo "1671"]
[PlyCount "109"]
[EventDate "2016.12.28"]

1. e4 e6 2. d4 d5 3. e5 c5 4. c3 Bd7 5. Nf3 a6 6. Bd3 Bb5 7. Bxb5+ axb5 8. Qe2
Qd7 9. O-O Na6 10. b3 Ne7 11. Na3 b4 12. Nb5 Nc6 13. c4 Rc8 14. cxd5 Qxd5 15.
Bb2 cxd4 16. Nbxd4 Nxd4 17. Nxd4 Be7 18. Rfd1 Qa5 19. Nb5 O-O 20. Nd6 Rc7 21.
Nb5 Rc6 22. Rd7 Re8 23. Rxb7 Nc5 24. Ra7 Qb6 25. Bd4 Qd8 26. Rd1 Qc8 27. Bxc5
Rxc5 28. Nd6 Bxd6 29. exd6 Rd8 30. h3 Qb8 31. Re7 h6 32. Qf3 Rf5 33. Qb7 Qxb7
34. Rxb7 Rd5 35. Rxd5 exd5 36. d7 Kf8 37. Rxb4 Rxd7 38. Rd4 Ke7 39. Kf1 Kd6 40.
Ke2 Rc7 41. Kd3 Rc1 42. a4 Ra1 43. Kc3 Ra2 44. Rf4 Ke6 45. Rg4 g6 46. f3 h5 47.
Rg5 Kd6 48. Kb4 Rc2 49. a5 d4 50. a6 d3 51. a7 Rc8 52. Ra5 Ra8 53. Kc4 Kc6 54.
Kxd3 Kb6 55. Ra4 1-0